000 00546nam a2200181Ia 4500
008 151202s9999||||xx |||||||||||||| ||und||
082 _bPNVM-69285
100 _aजोशी मनोहर गजानन.
245 _a25-50-75.
260 _b"नवचैतन्य प्रकाशन,मुंबई."
260 _c69285
300 _a0
600 _aजोशी मनोहर गजानन.
630 _a25-50-75.
700 _aजोशी मनोहर गजानन.
730 _a25-50-75.
942 _cBOOK
999 _c1335795
_d1335792